Mary's Song (Oh My My My) by Taylor Swift lyrics - Statistics

General Stats
  • This quiz has been taken 9 times
  • The average score is 309 of 330
Answer Stats
Answer % Correct
A
100%
about
100%
aisle
100%
and
100%
And
100%
at
100%
back
100%
be
100%
beat
100%
believed
100%
bigger
100%
cried
100%
daddies
100%
dared
100%
did
100%
do
100%
down
100%
eyes
100%
fall
100%
first
100%
got
100%
I
100%
In
100%
in
100%
joke
100%
Just
100%
kids
100%
kiss
100%
knee
100%
like
100%
look
100%
looked
100%
love
100%
mamas
100%
me
100%
my
100%
never
100%
nine
100%
of
100%
oh
100%
Oh
100%
on
100%
one
100%
our
100%
Our
100%
ran
100%
really
100%
said
100%
Said
100%
see
100%
seven
100%
sky
100%
smiled
100%
stars
100%
still
100%
Take
100%
than
100%
the
100%
The
100%
their
100%
They
100%
to
100%
too
100%
tree
100%
tried
100%
two
100%
Two
100%
up
100%
us
100%
used
100%
walked
100%
we
100%
We
100%
we'd
100%
Well
100%
We'll
100%
were
100%
when
100%
where
100%
you
100%
You
100%
you'd
100%
backyard
86%
block
86%
But
86%
eighty-nine
86%
eighty-seven
86%
falling
86%
girl
86%
Growing
86%
had
86%
house
86%
I'll
86%
light
86%
lights
86%
little
86%
porch
86%
pretty
86%
rock
86%
rolled
86%
shine
86%
shined
86%
sixteen
86%
suddenly
86%
that
86%
this
86%
time
86%
very
86%
was
86%
wasn't
86%
wide
86%
world
86%
you'll
86%
your
86%
After
71%
all
71%
A.M.
71%
babies
71%
before
71%
came
71%
come
71%
doors
71%
favorite
71%
few
71%
fight
71%
front
71%
gone
71%
goodnight
71%
instead
71%
is
71%
kissing
71%
morning
71%
next
71%
outside
71%
She
71%
sitting
71%
slamming
71%
so
71%
spot
71%
stayed
71%
till
71%
town
71%
truck
71%
whole
71%
years
71%
around
57%
home
57%
many
57%
met
57%
need
57%
riding
57%
creek
43%
turned
43%
beds
14%
No matching quizzes found
Score Distribution
Percent of People with Each Score
Percentile by Number Answered
Your Score History
You have not taken this quiz